Ovál /
Detektivní román českého pedagoga a divadelníka, nositele Ceny Alfréda Radoka, nás zavádí do sportovního prostředí.
Uloženo v:
| Série: | Kapitán Lenz,
část |
|---|---|
| Hlavní autor: | |
| Médium: | E-kniha |
| Jazyk: | Czech |
| Vydáno: |
Praha :
Kniha Zlin,
2024
|
| Vydání: | Vydání první |
| Témata: | |
| Příbuzné jednotky: | Z cyklu::
Kapitán Lenz |
| Tagy: |
Žádné tagy |
| LEADER | 02083nam a2200409 i 4500 | ||
|---|---|---|---|
| 001 | 312282 | ||
| 003 | CZ PrSKC | ||
| 005 | 20260601215720.0 | ||
| 007 | ta | ||
| 008 | 240216s2024 xr g 000 f cze | ||
| 015 | |a cnb003589777 | ||
| 020 | |a 9788076625990 |q (vázáno) : |c Kč 399,00 | ||
| 035 | |a (OCoLC)1429251213 | ||
| 040 | |a ABG001 |b cze |e rda | ||
| 072 | 7 | |a 821.162.3-3 |x Česká próza |2 Konspekt | |
| 080 | |a 821.162.3-31 |2 MRF | ||
| 080 | |a (0:82-312.4) |2 MRF | ||
| 100 | 1 | |a Homola, Jiří, |d 1974- |7 xx0227420 |4 aut | |
| 245 | 1 | 0 | |a Ovál / |c Jiří Homola |
| 250 | |a Vydání první | ||
| 264 | 1 | |a Praha : |b Kniha Zlin, |c 2024 | |
| 300 | |a 414 stran ; |c 21 cm | ||
| 336 | |a text |b txt |2 rdacontent | ||
| 337 | |a bez média |b n |2 rdamedia | ||
| 338 | |a svazek |b nc |2 rdacarrier | ||
| 520 | 2 | |a Detektivní román českého pedagoga a divadelníka, nositele Ceny Alfréda Radoka, nás zavádí do sportovního prostředí. |b Kapitán Lenz si u svých kolegů z pražské kriminálky za necelých patnáct let služby vydobyl značný respekt - nejen svým vyšetřovatelským instinktem, ale také díky sportovním výkonům na běžeckých tratích. Když je proto na kladenském stadionu nalezeno tělo mladého atleta v poloze da Vinciho Vitruviánského muže, ujímá se případu právě on. Nakladatelská anotace. Kráceno. | |
| 655 | 7 | |a české romány |7 fd133974 |2 czenas | |
| 655 | 7 | |a detektivní romány |7 fd132010 |2 czenas | |
| 655 | 9 | |a Czech fiction |2 eczenas | |
| 655 | 9 | |a detective novels |2 eczenas | |
| 787 | 0 | 8 | |i Z cyklu: |t Kapitán Lenz |
| 900 | |a ABA001 |b 19 | ||
| 928 | 9 | |a Albatros Media - Kniha Zlin | |
| 044 | |a xr | ||
| 910 | |a RBIT002 | ||
| 998 | |d 396158 |a https://core.palmknihy.cz/api/books/396158/cover?s88zdg |b https://core.palmknihy.cz/api/books/396158/cover/400?s88zdg |c https://core.palmknihy.cz/api/books/396158/cover/50?s88zdg |e 2032-12-31 |g 416 |i 9788076625990 |j https://core.palmknihy.cz/api/books/396158/preview.epub |k https://core.palmknihy.cz/api/books/396158/preview.pdf |l |q 49 |r 1 |s https://www.palmknihy.cz/kniha/396158 |t ebook |y 2024 |z 0 | ||
| 999 | |d 312280 | ||